Combien de ville du Rhone (69) connais-tu ? - Statistiques

Statistiques générales
  • Ce quiz a été pris 29 fois
  • Le résultat moyen est 47 sur 276
Statistiques - réponses
Code Postal Ville % Correct
69003 Lyon
96%
69001 Lyon 1er Arrondissement
96%
69002 Lyon 2e Arrondissement
96%
69003 Lyon 3e Arrondissement
96%
69004 Lyon 4e Arrondissement
96%
69005 Lyon 5e Arrondissement
96%
69006 Lyon 6e Arrondissement
96%
69007 Lyon 7e Arrondissement
96%
69008 Lyon 8e Arrondissement
96%
69009 Lyon 9e Arrondissement
96%
69200 Vénissieux
92%
69409 Villeurbanne
88%
69120 Vaulx-en-Velin
77%
69665 Villefranche-sur-Saône
77%
69674 Bron Cedex Bron
73%
69800 Saint-Priest
65%
69701 Givors
62%
69732 Caluire-et-Cuire
58%
69150 Décines-Charpieu
58%
69160 Tassin-la-Demi-Lune
54%
69570 Dardilly
50%
69130 Écully
46%
69700 Grigny
46%
69330 Meyzieu
46%
69230 Saint-Genis-Laval
46%
69530 Brignais
42%
69962 Corbas
42%
69210 L'Arbresle
42%
69780 Mions
42%
69600 Oullins
42%
69310 Pierre-Bénite
42%
69190 Saint-Fons
42%
69290 Craponne
38%
69320 Feyzin
38%
69340 Francheville
38%
69140 Rillieux-la-Pape
38%
69170 Tarare
38%
69480 Anse
35%
69126 Brindas
35%
69630 Chaponost
35%
69480 Marcy
35%
69450 Saint-Cyr-au-Mont-d'Or
35%
69110 Sainte-Foy-lès-Lyon
35%
69220 Belleville-en-Beaujolais
31%
69970 Chaponnay
31%
69682 Chassieu
31%
69540 Irigny
31%
69580 Sathonay-Camp
31%
69410 Champagne-au-Mont-d'Or
27%
69390 Charly
27%
69820 Fleurie
27%
69760 Limonest
27%
69390 Millery
27%
69440 Mornant
27%
69250 Neuville-sur-Saône
27%
69290 Saint-Genis-les-Ollières
27%
69380 Châtillon
23%
69380 Chazay-d'Azergues
23%
69350 La Mulatière
23%
69890 La Tour-de-Salvagny
23%
69380 Lissieu
23%
69380 Lozanne
23%
69370 Saint-Didier-au-Mont-d'Or
23%
69650 Saint-Germain-au-Mont-d'Or
23%
69850 Saint-Martin-en-Haut
23%
69510 Thurins
23%
69390 Vernaison
23%
69390 Vourles
23%
69330 Jonage
19%
38350 Larajasse
19%
69400 Limas
19%
69280 Marcy-l'Étoile
19%
69970 Marennes
19%
69700 Montagny
19%
69480 Pommiers
19%
69240 Thizy-les-Bourgs
19%
69670 Vaugneray
19%
69409 Amplepuis
15%
69610 Aveize
15%
69660 Collonges-au-Mont-d'Or
15%
69360 Communay
15%
69380 Dommartin
15%
69210 Éveux
15%
69740 Genas
15%
69400 Gleizé
15%
69290 Grézieu-la-Varenne
15%
69610 Grézieu-le-Marché
15%
69700 Loire-sur-Rhône
15%
69420 Longes
15%
69480 Morancé
15%
69330 Pusignan
15%
69510 Rontalon
15%
69440 Saint-Laurent-d'Agny
15%
69700 Saint-Romain-en-Gier
15%
69360 Saint-Symphorien-d'Ozon
15%
69580 Sathonay-Village
15%
69210 Savigny
15%
69510 Soucieu-en-Jarrest
15%
69440 Taluyers
15%
69420 Trèves
15%
69400 Arnas
12%
69690 Bessenay
12%
69210 Bully
12%
69260 Charbonnières-les-Bains
12%
69380 Chasselay
12%
69380 Chessy
12%
69210 Chevinay
12%
69380 Civrieux-d'Azergues
12%
69590 Coise
12%
69125 Colombier-Saugnieu
12%
69270 Couzon-au-Mont-d'Or
12%
69550 Cublize
12%
69700 Échalas
12%
69210 Fleurieux-sur-l'Arbresle
12%
69730 Genay
12%
69610 Haute-Rivoire
12%
69330 Jons
12%
69170 Joux
12%
69870 Lamure-sur-Azergues
12%
69210 Lentilly
12%
69170 Les Sauvages
12%
69510 Messimy
12%
69650 Quincieux
12%
69550 Ronno
12%
69210 Sain-Bel
12%
69720 Saint-Bonnet-de-Mure
12%
69280 Sainte-Consorce
12%
69720 Saint-Laurent-de-Mure
12%
69490 Saint-Romain-de-Popey
12%
69560 Saint-Romain-en-Gal
12%
69360 Sérézin-du-Rhône
12%
69360 Solaize
12%
69360 Ternay
12%
69620 Val d'Oingt
12%
69170 Valsonne
12%
69380 Alix
8%
69420 Ampuis
8%
69380 Belmont-d'Azergues
8%
69440 Chabanière
8%
69440 Chaussan
8%
69840 Chénas
8%
38217 Condrieu
8%
69690 Courzieu
8%
69850 Duerne
8%
69250 Fleurieu-sur-Saône
8%
69480 Lachassagne
8%
69620 Légny
8%
69380 Les Chères
8%
69420 Les Haies
8%
69610 Les Halles
8%
69620 Létra
8%
69770 Longessaigne
8%
69480 Lucenay
8%
69550 Meaux-la-Montagne
8%
69610 Montromant
8%
69770 Montrottier
8%
69530 Orliénas
8%
69290 Pollionnay
8%
69270 Rochetaillée-sur-Saône
8%
69930 Saint-Clément-les-Places
8%
69170 Saint-Clément-sur-Valsonne
8%
69440 Sainte-Catherine
8%
69560 Sainte-Colombe
8%
69610 Sainte-Foy-l'Argentière
8%
69490 Saint-Forgeux
8%
69550 Saint-Jean-la-Bussière
8%
69640 Saint-Julien
8%
69930 Saint-Laurent-de-Chamousset
8%
69780 Saint-Pierre-de-Chandieu
8%
69210 Saint-Pierre-la-Palud
8%
69590 Saint-Symphorien-sur-Coise
8%
69620 Saint-Vérand
8%
69240 Saint-Vincent-de-Reins
8%
69490 Sarcey
8%
69360 Simandres
8%
69210 Sourcieux-les-Mines
8%
69620 Ternand
8%
69620 Theizé
8%
69170 Affoux
4%
69250 Albigny-sur-Saône
4%
69490 Ancy
4%
69620 Bagnols
4%
69430 Beaujeu
4%
69700 Beauvallon
4%
69690 Bibost
4%
69690 Brullioles
4%
69690 Brussieu
4%
69270 Cailloux-sur-Fontaines
4%
69840 Cenves
4%
69220 Cercié
4%
69870 Chambost-Allières
4%
69770 Chambost-Longessaigne
4%
69620 Chamelet
4%
69380 Charnay
4%
69430 Chénelette
4%
69470 Cours
4%
69250 Curis-au-Mont-d'Or
4%
69640 Denicé
4%
69860 Deux-Grosnes
4%
69270 Fontaines-Saint-Martin
4%
69270 Fontaines-sur-Saône
4%
69620 Frontenas
4%
69870 Grandris
4%
69590 La Chapelle-sur-Coise
4%
69430 Lantignié
4%
69620 Le Breuil
4%
69430 Les Ardillats
4%
69380 Marcilly-d'Azergues
4%
69610 Meys
4%
69620 Moiré
4%
69250 Montanay
4%
69460 Odenas
4%
69250 Poleymieux-au-Mont-d'Or
4%
69590 Pomeys
4%
69790 Propières
4%
69470 Ranchal
4%
69430 Régnié-Durette
4%
69440 Saint-André-la-Côte
4%
69560 Saint-Cyr-sur-le-Rhône
4%
69620 Sainte-Paule
4%
69610 Saint-Genis-l'Argentière
4%
69830 Saint-Georges-de-Reneins
4%
69210 Saint-Germain-Nuelles
4%
69790 Saint-Igny-de-Vers
4%
69380 Saint-Jean-des-Vignes
4%
69690 Saint-Julien-sur-Bibost
4%
69170 Saint-Marcel-l'Éclairé
4%
69870 Saint-Nizier-d'Azergues
4%
69270 Saint-Romain-au-Mont-d'Or
4%
69610 Souzy
4%
69420 Tupin-et-Semons
4%
69460 Vaux-en-Beaujolais
4%
69820 Vauxrenard
4%
69770 Villechenève
4%
69640 Ville-sur-Jarnioux
4%
69910 Villié-Morgon
4%
69490 Vindry-sur-Turdine
4%
69510 Yzeron
4%
69790 Aigueperse
0%
69480 Ambérieux
0%
69790 Azolette
0%
69460 Blacé
0%
69220 Charentay
0%
69115 Chiroubles
0%
69870 Claveisolles
0%
69640 Cogny
0%
69220 Corcelles-en-Beaujolais
0%
69170 Dième
0%
69220 Dracé
0%
69840 Émeringes
0%
69840 Juliénas
0%
69840 Jullié
0%
69640 Lacenas
0%
69220 Lancié
0%
69460 Le Perréon
0%
69430 Marchampt
0%
69640 Montmelas-Saint-Sorlin
0%
69400 Porte des Pierres Dorées
0%
69870 Poule-les-Écharmeaux
0%
69430 Quincié-en-Beaujolais
0%
69440 Riverie
0%
69640 Rivolet
0%
69170 Saint-Appolinaire
0%
69790 Saint-Bonnet-des-Bruyères
0%
69870 Saint-Bonnet-le-Troncy
0%
69790 Saint-Clément-de-Vers
0%
69870 Saint-Cyr-le-Chatoux
0%
69430 Saint-Didier-sur-Beaujeu
0%
69460 Saint-Étienne-des-Oullières
0%
69460 Saint-Étienne-la-Varenne
0%
69870 Saint-Just-d'Avray
0%
69220 Saint-Lager
0%
69460 Salles-Arbuissonnas-en-Beaujolais
0%
69220 Taponas
0%
69780 Toussieu
0%
69430 Vernay
0%
Aucun quiz correspondant
Distribution des résultats
% des personnes avec chaque résultat
Percentile par nombre de réponses
Votre historique - résultats
Vous n’avez pas pris ce quiz